000 00423nam a2200169Ia 4500
003 Ost
005 20260225132600.0
008 260225s9999||||xx |||||||||||||| ||und||
020 _a9782294736858
040 _cfsic
041 _afre
082 _a70.4
100 _aHélénon
_eAuteur
245 0 _aTraitement de l'image de la numérisation a l'archivage el la communiction /
245 0 _cHélénon
942 _cكتاب
999 _c34722
_d34722